000 00632nam a2200193Ia 4500
003 GCL
008 140319s9999 xx 000 0 ara d
040 _aGCL /
_cGCL
082 0 4 _a310
_bع ا
100 1 _aعبدالله ابو العباس
245 1 0 _aالاحصاء والكمبيوتر فى معالجة البيانات مع تطبيقات جغرافية /
_cعبدالله ابو العباس
300 _a335 ص
490 _aكتاب
_v0
650 0 4 _aالحاسبات الالكترونية
650 0 4 _aالجغرافيا
650 0 4 _aالاحصاء
650 0 4 _aالعينات (احصاء)
942 _2ddc
_cBK
999 _c42003
_d42003